An essay on the origin and operation of the dry rot (Record no. 113967)

MARC details
000 -LEADER
fixed length control field 00718cam a22001935a 4500
001 - CONTROL NUMBER
control field L155996
008 - FIXED-LENGTH DATA ELEMENTS--GENERAL INFORMATION
fixed length control field 120424s1818 xxk f 000 0 eng d
035 ## - SYSTEM CONTROL NUMBER
System control number (Sirsi) u155996
041 0# - LANGUAGE CODE
Language code of text/sound track or separate title eng
100 1# - MAIN ENTRY--PERSONAL NAME
Personal name McWilliam, Robert
245 03 - TITLE STATEMENT
Title An essay on the origin and operation of the dry rot
Remainder of title with a view to its prevention or cure
260 ## - PUBLICATION, DISTRIBUTION, ETC.
Place of publication, distribution, etc. London
Name of publisher, distributor, etc. J. Taylor
Date of publication, distribution, etc. 1818
300 ## - PHYSICAL DESCRIPTION
Extent xx, 420 p., 3 leaves of plates
Other physical details ill.
583 ## - ACTION NOTE
Action Condition reviewed
Time/date of action 20120620
Status condition level 1
651 #4 - SUBJECT ADDED ENTRY--GEOGRAPHIC NAME
Geographic name Great Britain
Chronological subdivision 1707-
690 ## - LOCAL SUBJECT ADDED ENTRY--TOPICAL TERM (OCLC, RLIN)
Topical term or geographic name as entry element Building materials and defects
856 ## - ELECTRONIC LOCATION AND ACCESS
Uniform Resource Identifier <a href="https://play.google.com/books/reader?id=WlnXAAAAMAAJ&pg=GBS.PR20&hl=en_GB">https://play.google.com/books/reader?id=WlnXAAAAMAAJ&pg=GBS.PR20&hl=en_GB</a>
Public note Available as an ebook from google books
942 ## - ADDED ENTRY ELEMENTS (KOHA)
Suppress in OPAC 0
Source of classification or shelving scheme Dewey Decimal Classification
Holdings
Withdrawn status Lost status Damaged status Not for loan Home library Current library Shelving location Date acquired Total Checkouts Full call number Barcode Date last seen Copy number Price effective from Koha item type
        Historic collection Historic collection Historic collection 24/04/2012   INFRASTRUCTURE QUARTO 1818 MCWILLIAM 30077939 26/08/2025 1 06/08/2019 Book